00440nam a2200169Ia 45000010005000000030009000050050017000140080041000310200018000720400013000900820020001031000021001232450078001442600030002223000011002525460007002633029PK-LaUMT20221027105947.0140317s9999 xx 000 0 und d a0-273-60313-2 cPK-LaUMT a 658.408bWEL-C aWelford, Richard aCases in environmental management and business strategycWelford, Richard aLondon,UK:bPitman,c1994 a216 p. aEN